[Event "GBR-ch105 Major Open"]
[Site "Hull"]
[Date "2018.07.29"]
[Round "2"]
[White "Cocks, Elliot"]
[Black "Teh, Eu Wen Aron"]
[Result "0-1"]
[WhiteElo "1985"]
[BlackElo "2286"]
[PlyCount "90"]
[EventDate "2018.07.28"]
[EventType "swiss"]
[EventRounds "9"]
[EventCountry "GBR"]
[SourceTitle "CBM 185 Extra"]
[Source "ChessBase"]
[SourceDate "2018.06.29"]
[SourceVersion "1"]
[SourceVersionDate "2018.06.29"]
[SourceQuality "1"]

1. e4 e6 2. d3 c5 3. Nc3 Nc6 4. g3 g6 5. Bg2 Bg7 6. Be3 d6 7. Nge2 Nge7 8. d4
cxd4 9. Nxd4 a6 10. O-O O-O 11. Qd2 Ne5 12. Qe2 Qc7 13. Bg5 h6 14. Bxe7 Qxe7
15. f4 Nc6 16. Nxc6 bxc6 17. Na4 Rb8 18. c3 c5 19. b3 Bd7 20. Rad1 Bxa4 21.
bxa4 Bxc3 22. Qxa6 Bd4+ 23. Kh1 Rb2 24. f5 Rfb8 25. Qd3 Be5 26. fxg6 fxg6 27.
Bh3 R2b4 28. Qf3 Kg7 29. Qg4 Re8 30. Rf3 Rxa4 31. Rdf1 Rxa2 32. Rf7+ Qxf7 33.
Rxf7+ Kxf7 34. Qf3+ Kg7 35. Qb3 Rb2 36. Qa4 Re7 37. Qc6 Ra7 38. Bf1 Rb1 39. Kg2
Ra2+ 40. Kh3 Rxf1 41. Qd7+ Rf7 42. Qxe6 Rd2 43. Qb3 Rd4 44. Qc2 c4 45. Kg2 Rc7
0-1

[Event "GBR-ch105 Major Open"]
[Site "Hull"]
[Date "2018.07.29"]
[Round "2"]
[White "Cooper, John G ENG"]
[Black "Modi, Shyam Jagdish"]
[Result "1/2-1/2"]
[WhiteElo "2192"]
[BlackElo "1973"]
[PlyCount "64"]
[EventDate "2018.07.28"]
[EventType "swiss"]
[EventRounds "9"]
[EventCountry "GBR"]
[SourceTitle "CBM 185 Extra"]
[Source "ChessBase"]
[SourceDate "2018.06.29"]
[SourceVersion "1"]
[SourceVersionDate "2018.06.29"]
[SourceQuality "1"]

1. e4 c5 2. Nf3 e6 3. d4 cxd4 4. Nxd4 Nc6 5. Nb5 d6 6. c4 Nf6 7. N1c3 a6 8. Na3
Be7 9. Be2 O-O 10. O-O Qc7 11. Be3 b6 12. f4 Bb7 13. Bf3 Rac8 14. Na4 Nd7 15.
Qe2 Nc5 16. Nc3 Bf6 17. Qd2 Nb4 18. Ncb5 axb5 19. Nxb5 Qe7 20. Qxb4 Bxe4 21.
Bxe4 Nxe4 22. Bxb6 Qb7 23. Be3 d5 24. cxd5 exd5 25. Rfd1 Rfd8 26. Bd4 Rc4 27.
Qb3 Bxd4+ 28. Rxd4 Qb6 29. Rad1 h6 30. a4 Nd6 31. Qd3 Nxb5 32. axb5 Rxd4
1/2-1/2

[Event "GBR-ch105 Major Open"]
[Site "Hull"]
[Date "2018.07.29"]
[Round "2"]
[White "Cusick, Peter W"]
[Black "Jones, Steven"]
[Result "1/2-1/2"]
[WhiteElo "1947"]
[BlackElo "2203"]
[PlyCount "28"]
[EventDate "2018.07.28"]
[EventType "swiss"]
[EventRounds "9"]
[EventCountry "GBR"]
[SourceTitle "CBM 185 Extra"]
[Source "ChessBase"]
[SourceDate "2018.06.29"]
[SourceVersion "1"]
[SourceVersionDate "2018.06.29"]
[SourceQuality "1"]

1. d4 d5 2. Nf3 Nf6 3. c4 c6 4. Nc3 e6 5. cxd5 exd5 6. Bg5 h6 7. Bh4 Be7 8. Qc2
O-O 9. e3 Re8 10. Bd3 Nbd7 11. O-O Nh5 12. Bxe7 Qxe7 13. a3 Ndf6 14. b4 a6
1/2-1/2

[Event "GBR-ch105 Major Open"]
[Site "Hull"]
[Date "2018.07.29"]
[Round "2"]
[White "Dawson, Euan"]
[Black "Nayak, Raghav"]
[Result "0-1"]
[WhiteElo "1785"]
[BlackElo "1901"]
[PlyCount "70"]
[EventDate "2018.07.28"]
[EventType "swiss"]
[EventRounds "9"]
[EventCountry "GBR"]
[SourceTitle "CBM 185 Extra"]
[Source "ChessBase"]
[SourceDate "2018.06.29"]
[SourceVersion "1"]
[SourceVersionDate "2018.06.29"]
[SourceQuality "1"]

1. e4 c5 2. Nc3 Nc6 3. f4 g6 4. Nf3 Bg7 5. Bb5 Nd4 6. O-O a6 7. Be2 e6 8. a4
Ne7 9. d3 d5 10. Bd2 O-O 11. h3 Rb8 12. Nh2 b5 13. axb5 axb5 14. Bf3 Bb7 15. e5
Nef5 16. g4 Nh4 17. g5 b4 18. Ne2 Nhxf3+ 19. Nxf3 Nc6 20. Qe1 Qb6 21. Qh4 Ba6
22. Rxa6 Qxa6 23. b3 Ne7 24. Nh2 Nf5 25. Qf2 Qb6 26. Ng4 c4 27. d4 Rfc8 28. Be3
cxb3 29. cxb3 Rc2 30. h4 Qb5 31. Re1 Ra8 32. Qf1 Raa2 33. Kf2 Qd3 34. Kf3 Qe4+
35. Kf2 Nxe3 0-1

[Event "GBR-ch105 Major Open"]
[Site "Hull"]
[Date "2018.07.29"]
[Round "2"]
[White "Evans, Nicholas Thomas"]
[Black "Davis, Holden"]
[Result "1-0"]
[WhiteElo "1885"]
[BlackElo "1782"]
[PlyCount "51"]
[EventDate "2018.07.28"]
[EventType "swiss"]
[EventRounds "9"]
[EventCountry "GBR"]
[SourceTitle "CBM 185 Extra"]
[Source "ChessBase"]
[SourceDate "2018.06.29"]
[SourceVersion "1"]
[SourceVersionDate "2018.06.29"]
[SourceQuality "1"]

1. d4 Nf6 2. Nf3 g6 3. g3 Bg7 4. Bg2 O-O 5. c4 d6 6. O-O Nc6 7. Nc3 a6 8. h3
Rb8 9. e4 e5 10. dxe5 Nxe5 11. Nxe5 dxe5 12. Qxd8 Rxd8 13. Bg5 Re8 14. Nd5 Nxd5
15. cxd5 f5 16. Rfc1 c6 17. dxc6 bxc6 18. b3 h6 19. Be3 Bb7 20. exf5 e4 21.
Rab1 gxf5 22. Rc5 Re5 23. Rxe5 Bxe5 24. Rd1 Rc8 25. Bf1 Kh7 26. Rd7+ 1-0

[Event "GBR-ch105 Major Open"]
[Site "Hull"]
[Date "2018.07.29"]
[Round "2"]
[White "Forster, Matthew"]
[Black "Stoyanov, Viktor"]
[Result "0-1"]
[WhiteElo "1940"]
[BlackElo "2177"]
[PlyCount "50"]
[EventDate "2018.07.28"]
[EventType "swiss"]
[EventRounds "9"]
[EventCountry "GBR"]
[SourceTitle "CBM 185 Extra"]
[Source "ChessBase"]
[SourceDate "2018.06.29"]
[SourceVersion "1"]
[SourceVersionDate "2018.06.29"]
[SourceQuality "1"]

1. c4 Nf6 2. g3 g6 3. Bg2 Bg7 4. Nc3 O-O 5. Rb1 a5 6. a3 d6 7. b4 axb4 8. axb4
e5 9. d3 Re8 10. Bb2 c6 11. Qb3 Be6 12. e4 Nbd7 13. Nf3 h6 14. O-O b5 15. Nd2
Nb6 16. f4 exf4 17. gxf4 bxc4 18. dxc4 Ng4 19. f5 Bd4+ 20. Kh1 Bxc4 21. Nxc4
Qh4 22. Bh3 Qxh3 23. Qc2 Nxc4 24. fxg6 fxg6 25. Nd1 Qxf1# 0-1

[Event "GBR-ch105 Major Open"]
[Site "Hull"]
[Date "2018.07.29"]
[Round "2"]
[White "Guha, Chirag"]
[Black "Rocco, Federico"]
[Result "1/2-1/2"]
[WhiteElo "1912"]
[BlackElo "2140"]
[PlyCount "151"]
[EventDate "2018.07.28"]
[EventType "swiss"]
[EventRounds "9"]
[EventCountry "GBR"]
[SourceTitle "CBM 185 Extra"]
[Source "ChessBase"]
[SourceDate "2018.06.29"]
[SourceVersion "1"]
[SourceVersionDate "2018.06.29"]
[SourceQuality "1"]

1. e4 c5 2. Nc3 Nc6 3. Bb5 Nd4 4. Bc4 e6 5. Nf3 a6 6. Nxd4 cxd4 7. Ne2 Nf6 8.
d3 Bc5 9. O-O d5 10. exd5 b5 11. Bb3 Nxd5 12. Ng3 O-O 13. Ne4 Be7 14. a4 Rb8
15. axb5 axb5 16. Bd2 f5 17. Ng3 Kh8 18. f4 Bb4 19. Bxb4 Nxb4 20. Qd2 Nd5 21.
Bxd5 Qxd5 22. Rfe1 Bb7 23. Re5 Qc6 24. Rae1 Rf6 25. Qf2 Rg6 26. R1e2 Ra8 27. h3
h5 28. Nxh5 Qf3 29. Qxf3 Bxf3 30. Rxe6 Bxh5 31. Rxg6 Ra1+ 32. Kf2 Bxg6 33. Re5
Rc1 34. Rc5 b4 35. Rc4 Kh7 36. Rxb4 Rxc2+ 37. Kf3 Be8 38. g4 Bc6+ 39. Kg3 Rd2
40. Rxd4 fxg4 41. hxg4 Rxb2 42. f5 Rd2 43. Rd6 Bb5 44. d4 Be2 45. Kf4 Bd1 46.
f6 gxf6 47. Rxf6 Rxd4+ 48. Ke5 Rxg4 49. Rf7+ Kg6 50. Rf6+ Kg7 51. Rb6 Bf3 52.
Ra6 Re4+ 53. Kf5 Re7 54. Kf4 Bb7 55. Ra7 Kf6 56. Ra1 Re4+ 57. Kg3 Rd4 58. Rf1+
Kg5 59. Rf8 Bd5 60. Kf2 Rd3 61. Ke2 Ra3 62. Kd2 Be4 63. Ke2 Bf5 64. Rb8 Kf4 65.
Rb4+ Be4 66. Rb2 Rg3 67. Kd2 Rd3+ 68. Ke2 Rd4 69. Rb8 Bf3+ 70. Kf2 Rd2+ 71. Ke1
Ra2 72. Rf8+ Ke3 73. Re8+ Be4 74. Rd8 Rh2 75. Rf8 Rd2 76. Rh8 1/2-1/2

[Event "GBR-ch105 Major Open"]
[Site "Hull"]
[Date "2018.07.29"]
[Round "2"]
[White "Howell, Oliver W"]
[Black "Smith, Andrew Philip"]
[Result "0-1"]
[WhiteElo "1905"]
[BlackElo "2102"]
[PlyCount "46"]
[EventDate "2018.07.28"]
[EventType "swiss"]
[EventRounds "9"]
[EventCountry "GBR"]
[SourceTitle "CBM 185 Extra"]
[Source "ChessBase"]
[SourceDate "2018.06.29"]
[SourceVersion "1"]
[SourceVersionDate "2018.06.29"]
[SourceQuality "1"]

1. d4 Nf6 2. c4 c5 3. d5 g6 4. Nc3 Bg7 5. e4 d6 6. Bd3 O-O 7. h3 e6 8. Nf3 exd5
9. exd5 Re8+ 10. Be3 Nh5 11. O-O Nd7 12. Qd2 Ne5 13. Nxe5 Rxe5 14. Rae1 Qf8 15.
f4 Rxe3 16. Rxe3 Bd4 17. Kh2 Bxe3 18. Qxe3 Bd7 19. g4 Re8 20. Qd2 Nf6 21. f5
Qe7 22. fxg6 fxg6 23. Qg5 Nxg4+ 0-1

[Event "GBR-ch105 Major Open"]
[Site "Hull"]
[Date "2018.07.29"]
[Round "2"]
[White "Hussain, Adam"]
[Black "Bettley, Andrew D"]
[Result "1-0"]
[WhiteElo "1557"]
[BlackElo "158"]
[PlyCount "99"]
[EventDate "2018.07.28"]
[EventType "swiss"]
[EventRounds "9"]
[EventCountry "GBR"]
[SourceTitle "CBM 185 Extra"]
[Source "ChessBase"]
[SourceDate "2018.06.29"]
[SourceVersion "1"]
[SourceVersionDate "2018.06.29"]
[SourceQuality "1"]

1. c4 c5 2. Nc3 Nc6 3. g3 Nf6 4. Bg2 g6 5. e4 Bg7 6. Nge2 e5 7. O-O d6 8. d3 b6
9. f4 Nd4 10. Nd5 Bg4 11. Qa4+ Bd7 12. Qd1 Bg4 13. Ndc3 Qc8 14. Be3 h5 15. Bxd4
cxd4 16. Nb5 Qd7 17. Qd2 a6 18. Na3 h4 19. Nxd4 hxg3 20. hxg3 Bh3 21. Nf3 exf4
22. gxf4 Qg4 23. Nh2 Qh5 24. Nc2 Ng4 25. Nxg4 Bxg4 26. Rf2 Qh2+ 27. Kf1 Bh3 28.
Bxh3 Qxh3+ 29. Ke1 Bf6 30. Kd1 Bxb2 31. Rb1 Qg4+ 32. Qe2 Rh1+ 33. Ne1 Qxe2+ 34.
Rxe2 Bd4 35. Kd2 Rf1 36. Rb3 Rxf4 37. Nc2 Bg1 38. Rg2 Rf1 39. Ke2 Rc1 40. Kd2
Rf1 41. d4 Rb8 42. Rbg3 Rf2+ 43. Kd3 Bh2 44. Rxg6 fxg6 45. Rxf2 Bg3 46. Rg2 Bh4
47. Rxg6 Ke7 48. Rh6 Bf6 49. Nb4 Rg8 50. Nd5+ 1-0

[Event "GBR-ch105 Major Open"]
[Site "Hull"]
[Date "2018.07.29"]
[Round "2"]
[White "Janiszewski, Maciej"]
[Black "Cawston, M John"]
[Result "1/2-1/2"]
[WhiteElo "2130"]
[BlackElo "1871"]
[PlyCount "221"]
[EventDate "2018.07.28"]
[EventType "swiss"]
[EventRounds "9"]
[EventCountry "GBR"]
[SourceTitle "CBM 185 Extra"]
[Source "ChessBase"]
[SourceDate "2018.06.29"]
[SourceVersion "1"]
[SourceVersionDate "2018.06.29"]
[SourceQuality "1"]

1. d4 Nf6 2. g4 Nxg4 3. e4 Nf6 4. e5 Nd5 5. c4 Nb6 6. Nc3 d6 7. f4 dxe5 8. fxe5
Nc6 9. Be3 Bf5 10. Qf3 e6 11. O-O-O Qd7 12. Qf4 Bb4 13. Ne4 Bxe4 14. Qxe4 O-O-O
15. d5 Kb8 16. Be2 exd5 17. cxd5 Nxd5 18. Bg4 Qe7 19. Rxd5 Rxd5 20. Qxd5 Rd8
21. Qe4 Nxe5 22. Be2 Qd6 23. Nf3 Qc6+ 24. Qxc6 Nxc6 25. Bb5 Ne7 26. Rd1 Rxd1+
27. Kxd1 Nf5 28. Bf4 f6 29. Bd3 Ne7 30. Bxh7 g6 31. Nd4 Kc8 32. Ne6 Nd5 33.
Bxg6 Nxf4 34. Nxf4 Bd6 35. Bf5+ Kb8 36. Nd5 Bxh2 37. Nxf6 c6 38. Kc2 Kc7 39.
Ne4 Be5 40. b3 Bf4 41. Kd3 Be5 42. Kc4 Bb2 43. Nc5 Be5 44. a4 Bf6 45. Bg4 Be5
46. Kd3 Bb2 47. Ke4 Ba3 48. Nd3 Bd6 49. Kf5 Bh2 50. Ke6 Bg3 51. Ke7 Bd6+ 52.
Ke8 Bg3 53. Nc5 Bh4 54. Bf3 Bf6 55. Ne6+ Kc8 56. Bg4 Bh4 57. Kf7 Be1 58. Ng7+
Kc7 59. Ne8+ Kd8 60. Nd6 Kc7 61. Ke6 Bb4 62. Ne8+ Kc8 63. Nd6+ Kc7 64. Nc4 Bc3
65. Ke7 Bb4+ 66. Ke8 Bc5 67. Bd7 Bb4 68. Ne5 Bd6 69. Nf7 Bf4 70. Nd8 Bh2 71.
Ne6+ Kb8 72. Kd8 Bg3 73. Be8 Bh4+ 74. Kd7 Be1 75. Bh5 Bd2 76. Bf3 Be1 77. Nd4
Bc3 78. Nc2 Be5 79. a5 a6 80. Na3 Bc3 81. Nc4 Be1 82. Be4 Bc3 83. Kd6 Bb4+ 84.
Ke5 Bc3+ 85. Kf4 Bb4 86. Ke3 Bc3 87. Kd3 Bb4 88. Kd4 Kc7 89. Ke5 Bc3+ 90. Ke6
Bb4 91. Bf3 Bc3 92. Kf5 Bb4 93. Ke4 Bc3 94. Kd3 Bb4 95. Bg2 Kc8 96. Kd4 Kc7 97.
Ke5 Bc3+ 98. Ke6 Bb4 99. Bh3 Bc3 100. Ke7 Bb4+ 101. Ke8 Bc3 102. Bg2 Bb4 103.
Kf7 Bc3 104. Ke6 Bb4 105. Bf3 Bc3 106. Nd6 Bxa5 107. Ne8+ Kc8 108. Nd6+ Kc7
109. Ne8+ Kc8 110. Nd6+ Kc7 111. Ne8+ 1/2-1/2

[Event "GBR-ch105 Major Open"]
[Site "Hull"]
[Date "2018.07.29"]
[Round "2"]
[White "Jayawarna, Nugith"]
[Black "Garnett, John S"]
[Result "1-0"]
[WhiteElo "2013"]
[BlackElo "1916"]
[PlyCount "53"]
[EventDate "2018.07.28"]
[EventType "swiss"]
[EventRounds "9"]
[EventCountry "GBR"]
[SourceTitle "CBM 185 Extra"]
[Source "ChessBase"]
[SourceDate "2018.06.29"]
[SourceVersion "1"]
[SourceVersionDate "2018.06.29"]
[SourceQuality "1"]

1. c4 e5 2. g3 Nc6 3. Bg2 g6 4. Nc3 Bg7 5. e4 d6 6. Nge2 f5 7. d3 Nf6 8. O-O
O-O 9. h3 Ne7 10. Be3 c6 11. f4 fxe4 12. dxe4 Be6 13. Qd3 Qd7 14. g4 exf4 15.
Nxf4 b6 16. Nce2 Rad8 17. Nxe6 Qxe6 18. Nf4 Qd7 19. g5 Ne8 20. Bf3 Nc7 21. Bg4
Qe8 22. Ne6 Rxf1+ 23. Rxf1 Nxe6 24. Bxe6+ Kh8 25. Bd4 Be5 26. Bxe5+ dxe5 27.
Qg3 1-0

[Event "GBR-ch105 Major Open"]
[Site "Hull"]
[Date "2018.07.29"]
[Round "2"]
[White "Johnson, Paul A"]
[Black "Watson, Steven L"]
[Result "1-0"]
[WhiteElo "1842"]
[BlackElo "1613"]
[PlyCount "119"]
[EventDate "2018.07.28"]
[EventType "swiss"]
[EventRounds "9"]
[EventCountry "GBR"]
[SourceTitle "CBM 185 Extra"]
[Source "ChessBase"]
[SourceDate "2018.06.29"]
[SourceVersion "1"]
[SourceVersionDate "2018.06.29"]
[SourceQuality "1"]

1. d4 Nf6 2. Bf4 d5 3. e3 e6 4. Nd2 c5 5. c3 Nc6 6. Ngf3 Bd7 7. Bd3 cxd4 8.
exd4 Be7 9. h3 a6 10. a4 Rc8 11. O-O O-O 12. Ne5 Be8 13. Bh2 Nxe5 14. dxe5 Nd7
15. Kh1 f5 16. f4 Nc5 17. Bc2 Ne4 18. Nf3 Qb6 19. Bxe4 dxe4 20. Nd4 Rd8 21. Qc2
Bf7 22. Bg1 Bc5 23. b4 Bxd4 24. Bxd4 Qc6 25. Bc5 Rfe8 26. Bd6 Qc4 27. Rfd1 Rc8
28. Rac1 Bh5 29. Re1 Rc6 30. a5 Rec8 31. Bc5 Rd8 32. Bd6 Rdc8 33. Re3 Qb5 34.
Bc5 R6c7 35. c4 Qc6 36. Rc3 Rd7 37. Bd6 Rdd8 38. Qd2 Qa4 39. Qe3 Qd7 40. R3c2
Be8 41. Rd2 Qf7 42. Rd4 Bc6 43. Rcd1 Rd7 44. Qe2 Rcd8 45. b5 axb5 46. cxb5 Bd5
47. Rc1 Ra8 48. Ra4 Qe8 49. Ra3 Qd8 50. b6 Ra6 51. Rac3 Qh4 52. Rc8+ Rd8 53.
Qb5 Ra8 54. Qd7 Raxc8 55. Rxc8 Rxc8 56. Qxc8+ Kf7 57. Qd7+ Kg6 58. Bf8 Qxf4 59.
Qxg7+ Kh5 60. Qxh7+ 1-0

[Event "GBR-ch105 Major Open"]
[Site "Hull"]
[Date "2018.07.29"]
[Round "2"]
[White "Kirupakaran, Vishnu"]
[Black "Warren, Alexander"]
[Result "1-0"]
[WhiteElo "1812"]
[BlackElo "2011"]
[PlyCount "58"]
[EventDate "2018.07.28"]
[EventType "swiss"]
[EventRounds "9"]
[EventCountry "GBR"]
[SourceTitle "CBM 185 Extra"]
[Source "ChessBase"]
[SourceDate "2018.06.29"]
[SourceVersion "1"]
[SourceVersionDate "2018.06.29"]
[SourceQuality "1"]

1. e4 c5 2. Nf3 d6 3. d4 cxd4 4. Nxd4 Nf6 5. Nc3 g6 6. Be3 Bg7 7. f3 O-O 8. Qd2
Nc6 9. Bc4 Bd7 10. O-O-O Rc8 11. Bb3 Ne5 12. g4 b5 13. h4 Nxf3 14. Nxf3 Bxg4
15. Qg2 Rxc3 16. bxc3 Qa5 17. Bd4 e5 18. Be3 h5 19. Rd3 Nxe4 20. Ng5 Nxc3 21.
Ne4 Nxa2+ 22. Kb1 Nb4 23. Rxd6 Bf5 24. Rxg6 Nxc2 25. Rxg7+ Kh8 26. Bxc2 Qb4+
27. Kc1 Rd8 28. Bd2 Bxe4 29. Bxb4 Bxg2 1-0

[Event "GBR-ch105 Major Open"]
[Site "Hull"]
[Date "2018.07.29"]
[Round "2"]
[White "Lovell, William PM"]
[Black "Brewer, Callum D"]
[Result "0-1"]
[WhiteElo "1754"]
[BlackElo "2064"]
[PlyCount "104"]
[EventDate "2018.07.28"]
[EventType "swiss"]
[EventRounds "9"]
[EventCountry "GBR"]
[SourceTitle "CBM 185 Extra"]
[Source "ChessBase"]
[SourceDate "2018.06.29"]
[SourceVersion "1"]
[SourceVersionDate "2018.06.29"]
[SourceQuality "1"]

1. c4 Nf6 2. g3 e6 3. Nf3 d5 4. b3 c5 5. Bg2 Be7 6. O-O O-O 7. Bb2 Nc6 8. e3
Qc7 9. Nc3 dxc4 10. bxc4 a6 11. Qe2 Rd8 12. d4 Na5 13. dxc5 Qxc5 14. Nd2 Qc7
15. Rac1 Bd7 16. Nce4 Nxe4 17. Nxe4 Rac8 18. Nd2 Bb4 19. Bc3 Bxc3 20. Rxc3 Bc6
21. Bxc6 Nxc6 22. a3 Ne5 23. f4 Qa5 24. Nb1 Nd7 25. Rfc1 Nc5 26. Nd2 e5 27. Nb3
Qxa3 28. Nxc5 Qxc5 29. Kg2 exf4 30. exf4 Re8 31. Qf3 Rcd8 32. R1c2 Re7 33. Rb2
Rdd7 34. Rd3 Rxd3 35. Qxd3 Qc6+ 36. Kf2 Qc5+ 37. Kg2 Qc6+ 38. Kf2 Rd7 39. Qe3
h6 40. Re2 Rd8 41. Qe7 Rc8 42. Re4 Qb6+ 43. Kf3 Qb3+ 44. Kg4 Qd1+ 45. Kh4 g6
46. g4 Qg1 47. Re2 Rxc4 48. Qxb7 Rxf4 49. Qb8+ Kh7 50. Qc8 Rf2 51. Qc7 Qf1 52.
Re7 g5+ 0-1

[Event "GBR-ch105 Major Open"]
[Site "Hull"]
[Date "2018.07.29"]
[Round "2"]
[White "Milewska, Agnieszka"]
[Black "Cowan, Richard M"]
[Result "0-1"]
[WhiteElo "1778"]
[BlackElo "1865"]
[PlyCount "82"]
[EventDate "2018.07.28"]
[EventType "swiss"]
[EventRounds "9"]
[EventCountry "GBR"]
[SourceTitle "CBM 185 Extra"]
[Source "ChessBase"]
[SourceDate "2018.06.29"]
[SourceVersion "1"]
[SourceVersionDate "2018.06.29"]
[SourceQuality "1"]

1. d4 Nf6 2. c4 Nc6 3. Nc3 e5 4. d5 Ne7 5. e4 Ng6 6. g3 Bc5 7. Bg2 O-O 8. a3 a5
9. Qf3 d6 10. h3 h6 11. Nge2 c6 12. O-O a4 13. Be3 cxd5 14. cxd5 b6 15. Rfc1
Nh7 16. Bxc5 bxc5 17. Qd3 Ng5 18. h4 Nh3+ 19. Bxh3 Bxh3 20. Kh2 Bc8 21. Kg2 f5
22. exf5 Bxf5 23. Qc4 Qf6 24. Rf1 Bc2 25. Qg4 Rab8 26. Ra2 Ne7 27. f3 Qf7 28.
Qe6 Bb3 29. Qxd6 Bxa2 30. Nxa2 Nxd5 31. Qxc5 Rxb2 32. Nac1 e4 33. f4 Qf5 34.
Kg1 Rd2 35. Nd4 Rc8 36. Qa7 Qh3 37. Nde2 Rc3 38. Qf2 Rf3 39. Qe1 Ne3 40. Rf2
Rxf2 41. Kxf2 Ng4+ 0-1

[Event "GBR-ch105 Major Open"]
[Site "Hull"]
[Date "2018.07.29"]
[Round "2"]
[White "Modi, Kishan Jagdish"]
[Black "Taylor, Adam A"]
[Result "1-0"]
[WhiteElo "1938"]
[BlackElo "2146"]
[PlyCount "103"]
[EventDate "2018.07.28"]
[EventType "swiss"]
[EventRounds "9"]
[EventCountry "GBR"]
[SourceTitle "CBM 185 Extra"]
[Source "ChessBase"]
[SourceDate "2018.06.29"]
[SourceVersion "1"]
[SourceVersionDate "2018.06.29"]
[SourceQuality "1"]

1. e4 c5 2. Nf3 Nc6 3. d4 cxd4 4. Nxd4 e5 5. Nb5 d6 6. N1c3 a6 7. Na3 b5 8. Nd5
Nge7 9. Bg5 h6 10. Bxb5 hxg5 11. Nxe7 axb5 12. Nxc6 Qd7 13. Nb4 Ra4 14. c3 d5
15. Qxd5 Bxb4 16. cxb4 Qxd5 17. exd5 Rxb4 18. O-O-O g4 19. b3 Bd7 20. g3 Re4
21. Nc2 Ke7 22. Ne3 Kd6 23. Rhe1 f5 24. Rd2 g6 25. a4 Rb4 26. axb5 Bxb5 27. Kb2
Rxh2 28. Kc3 Rd4 29. Rxd4 exd4+ 30. Kxd4 Rxf2 31. Nc4+ Kc7 32. Kc5 Bd7 33. b4
Rf3 34. d6+ Kd8 35. Ra1 Rc3 36. Ra8+ Bc8 37. Kd4 Rb3 38. Nb6 Rxb4+ 39. Kc5 Rxb6
40. Kxb6 Kd7 41. Kc5 g5 42. Ra7+ Ke6 43. Re7+ Kf6 44. Kd4 Be6 45. Ke3 Bg8 46.
Rg7 Be6 47. d7 Bxd7 48. Rxd7 Ke5 49. Re7+ Kf6 50. Ra7 Ke5 51. Ra5+ Kf6 52. Kd4
1-0

[Event "GBR-ch105 Major Open"]
[Site "Hull"]
[Date "2018.07.29"]
[Round "2"]
[White "Ogunshola, Ben"]
[Black "Nelson, Omowale"]
[Result "1-0"]
[WhiteElo "2143"]
[BlackElo "1966"]
[PlyCount "93"]
[EventDate "2018.07.28"]
[EventType "swiss"]
[EventRounds "9"]
[EventCountry "GBR"]
[SourceTitle "CBM 185 Extra"]
[Source "ChessBase"]
[SourceDate "2018.06.29"]
[SourceVersion "1"]
[SourceVersionDate "2018.06.29"]
[SourceQuality "1"]

1. c4 e5 2. Nc3 g6 3. d4 d6 4. Nf3 Bg7 5. dxe5 dxe5 6. Qxd8+ Kxd8 7. Bd2 Be6 8.
O-O-O Nd7 9. e3 h6 10. h3 Ne7 11. Be2 a5 12. e4 c6 13. Be3 Kc7 14. Na4 b6 15.
Rd2 c5 16. Nc3 Nc6 17. Nd5+ Kb7 18. Bd1 Nd4 19. Re1 Nb8 20. Ng1 Nbc6 21. Ba4 f5
22. exf5 gxf5 23. f4 e4 24. Bxc6+ Kxc6 25. Ne2 Nxe2+ 26. Rexe2 Rhd8 27. Re1 Rd7
28. Red1 Rad8 29. Bf2 Bxd5 30. Bh4 e3 31. Rxd5 e2 32. Bxd8 exd1=Q+ 33. Rxd1
Rxd1+ 34. Kxd1 Bxb2 35. a4 Bd4 36. Ke2 Bc3 37. Kf3 b5 38. cxb5+ Kd5 39. g4 c4
40. gxf5 Bb4 41. Ke3 Bc5+ 42. Kd2 Bb4+ 43. Kc2 Bd6 44. Bxa5 Bxf4 45. Bd2 Bc7
46. Bxh6 Ke5 47. Kc3 1-0

[Event "GBR-ch105 Major Open"]
[Site "Hull"]
[Date "2018.07.29"]
[Round "2"]
[White "Orgler, Philipp"]
[Black "Royal, Shreyas"]
[Result "0-1"]
[WhiteElo "2050"]
[BlackElo "1927"]
[PlyCount "86"]
[EventDate "2018.07.28"]
[EventType "swiss"]
[EventRounds "9"]
[EventCountry "GBR"]
[SourceTitle "CBM 185 Extra"]
[Source "ChessBase"]
[SourceDate "2018.06.29"]
[SourceVersion "1"]
[SourceVersionDate "2018.06.29"]
[SourceQuality "1"]

1. e4 c5 2. c3 Nf6 3. e5 Nd5 4. d4 cxd4 5. Nf3 Nc6 6. cxd4 d6 7. Bc4 Nb6 8. Bb3
dxe5 9. d5 Na5 10. Nc3 Nxb3 11. Qxb3 e6 12. Nxe5 exd5 13. Be3 Qd6 14. Qb5+ Nd7
15. Nxd7 Bxd7 16. Qxb7 Bc6 17. Qa6 Be7 18. O-O O-O 19. Rfd1 Rfd8 20. Ne2 Qd7
21. Nd4 Bb7 22. Qd3 Rac8 23. Nf5 Bf6 24. Bd4 Bxd4 25. Nxd4 Rc4 26. h3 Re8 27.
b3 Rc5 28. Rac1 Qc7 29. Rxc5 Qxc5 30. Nf5 Qc6 31. Qd4 f6 32. Qg4 Qc7 33. Ne3
Re4 34. Qf5 d4 35. Nc4 Re2 36. Qd3 Qc6 37. f3 Rxa2 38. Kh1 h6 39. Qxd4 Rxg2 40.
Qd8+ Kh7 41. Qd3+ Rg6 42. Nd2 Qe6 43. Qf1 Qf5 0-1

[Event "GBR-ch105 Major Open"]
[Site "Hull"]
[Date "2018.07.29"]
[Round "2"]
[White "Ramaiya, Anshu"]
[Black "Jamroz, Viktor"]
[Result "0-1"]
[WhiteElo "1846"]
[BlackElo "1719"]
[PlyCount "62"]
[EventDate "2018.07.28"]
[EventType "swiss"]
[EventRounds "9"]
[EventCountry "GBR"]
[SourceTitle "CBM 185 Extra"]
[Source "ChessBase"]
[SourceDate "2018.06.29"]
[SourceVersion "1"]
[SourceVersionDate "2018.06.29"]
[SourceQuality "1"]

1. e4 e6 2. d4 d5 3. Nd2 Be7 4. c3 c5 5. exd5 exd5 6. Ngf3 Nf6 7. Bd3 Nc6 8.
dxc5 Bxc5 9. O-O O-O 10. Nb3 Bd6 11. Nfd4 Ne5 12. Be2 Ne4 13. Nf3 Kh8 14. Nxe5
Bxe5 15. f4 Qb6+ 16. Kh1 Bc7 17. Nd4 f5 18. Qc2 Qh6 19. Rf3 Bd7 20. Be3 Rae8
21. Rh3 Qf6 22. Rd1 a6 23. Kg1 g5 24. fxg5 Nxg5 25. Bxg5 Qxg5 26. Bf3 Re7 27.
Qd2 Bf4 28. Qc2 Rfe8 29. a4 Re1+ 30. Rxe1 Rxe1+ 31. Kf2 Bg3+ 0-1

[Event "GBR-ch105 Major Open"]
[Site "Hull"]
[Date "2018.07.29"]
[Round "2"]
[White "Rice, Christopher B"]
[Black "Easwar, Dhruv"]
[Result "1-0"]
[WhiteElo "1972"]
[BlackElo "1793"]
[PlyCount "107"]
[EventDate "2018.07.28"]
[EventType "swiss"]
[EventRounds "9"]
[EventCountry "GBR"]
[SourceTitle "CBM 185 Extra"]
[Source "ChessBase"]
[SourceDate "2018.06.29"]
[SourceVersion "1"]
[SourceVersionDate "2018.06.29"]
[SourceQuality "1"]

1. c4 e5 2. g3 Nf6 3. Bg2 d5 4. cxd5 Nxd5 5. Nc3 Nb6 6. Nf3 Nc6 7. O-O Be7 8.
a3 a5 9. d3 O-O 10. Be3 Be6 11. Rc1 Nd5 12. Nxd5 Bxd5 13. Qa4 f5 14. Qb5 Bf6
15. Rc5 Na7 16. Qa4 b6 17. Rxd5 Qxd5 18. Nd2 Qe6 19. Bxa8 Rxa8 20. Qc2 c5 21.
Nc4 Nc8 22. Qa4 Ne7 23. b4 f4 24. Bd2 cxb4 25. axb4 fxg3 26. hxg3 e4 27. bxa5
exd3 28. exd3 bxa5 29. Nxa5 Qe2 30. Qe4 Qxe4 31. dxe4 Rd8 32. Be3 Ng6 33. Nc4
Rc8 34. Rc1 Nf8 35. e5 Be7 36. Kg2 Ne6 37. f4 Ra8 38. Kf3 g6 39. Ke4 Nc5+ 40.
Bxc5 Bxc5 41. Kd5 Bf2 42. g4 Rf8 43. Ke4 Bg3 44. Rf1 Kg7 45. f5 gxf5+ 46. gxf5
h5 47. Nd6 Ra8 48. f6+ Kf8 49. Rf3 h4 50. Kf5 Ra5 51. Re3 Bh2 52. Nc4 Rc5 53.
Re4 h3 54. Rh4 1-0